Szczegóły MARC21

CMR : contracts for the international carriage of goods by road /

005 -DATA I CZAS OSTATNIEJ MODYFIKACJI [,]
    • @
    • pole kontrolne
    • 20140314090349.0
020 -Międzynarod. znormalizowany nr książki - ISBN [ , ]
    • a
    • Numer ISBN
    • 185978593X Find
040 -Instytucja sporządzająca opis [ , ]
    • a
    • Instytucja, która sporządziła opis (NP)
    • SZCZ U/SA
    • c
    • Instytucja, która sporządziła rekord (NP)
    • SZCZ U/SA
    • d
    • Instytucja, która zmodyfikowała rekord (P)
    • SZCZ U/ML
041 -Język dokumentu [0, ]
    • a
    • Język tekstu (P)
    • angielski
044 -Kraj miejsca wydania [ , ]
    • a
    • Kraj miejsca wydania
    • gb
942 -Rodzaj dokumentu [ , ]
    • c
    • Rodzaj dokumentu
    • Książka
100 -Hasło główne - nazwa osobowa [1, ]
    • 9
    • KHW
    • 65894
    • a
    • Nazwa osobowa (NP)
    • Messent, Andrew D.
245 -Strefa tytułu i oznaczenia odpowiedzialności [1,0]
    • a
    • Tytuł
    • CMR : Find
    • b
    • Ciąg dalszy tytułu (NP)
    • contracts for the international carriage of goods by road / Find
    • c
    • Pozostałe elementy strefy tytułu i oznaczenia odpowiedzialności (NP)
    • Andrew Messent, David A. Glass.
250 -Strefa wydania [ , ]
    • a
    • Oznaczenie wydania (NP)
    • 3rd ed.
260 -Strefa adresu wydawniczego [ , ]
    • a
    • Miejsce wydania (P)
    • London ;
    • a
    • Miejsce wydania (P)
    • Hong Kong :
    • b
    • Nazwa wydawcy (P)
    • LLP Professional Publishing,
    • c
    • Data wydania (P)
    • 2000.
300 -Strefa opisu fizycznego [ , ]
    • a
    • Określenie formy książki i/lub objętość (NP)
    • LV, 375 s. ;
    • c
    • Format (NP)
    • 25 cm.
490 -Strefa serii i książki wielotomowej - forma nie do wyszukiwania [1, ]
    • a
    • Tytuł (P)
    • Lloyd's Shipping Law Library Find
830 -Hasło dodatkowe serii i opisu książki wielotomowej - tytuł ujednolicony/tytuł [ ,0]
    • 9
    • KHW
    • 68432
    • a
    • Tytuł ujednolicony/tytuł (NP)
    • Lloyd's Shipping Law Library
500 -Uwaga ogólna [ , ]
    • a
    • Uwaga ogólna (NP)
    • Nad tyt.: Hill & Messent.
504 -Uwaga dot. bibliogr. załącznikowej [ , ]
    • a
    • Uwaga dot. bibliografii załącznikowej
    • Indeks.
080 -Uniwersalna Klasyfikacja Dziesiętna [ , ]
    • 2
    • Identyfikator wydania tablic
    • UDC-P058
    • 9
    • UKD
    • 5642
    • a
    • Symbol klasyfikacji
    • 658.7
    • b
    • Dopowiedzenie
    • Zakup. Zaopatrzenie materiałowe. Skup i kontraktacja.
    • 4
    • UKD2
    • 7644
    • x
    • Poddział wspólny
    • =111
    • c
    • Dopowiedzenie poddz. wspólnego
    • =Język angielski.
080 -Uniwersalna Klasyfikacja Dziesiętna [ , ]
    • 2
    • Identyfikator wydania tablic
    • UDC-P058
    • 9
    • UKD
    • 3721
    • a
    • Symbol klasyfikacji
    • 357.3
    • b
    • Dopowiedzenie
    • Korpus transportowy. Obsługa transportu. Tabory
    • 4
    • UKD2
    • 7644
    • x
    • Poddział wspólny
    • =111
    • c
    • Dopowiedzenie poddz. wspólnego
    • =Język angielski.
080 -Uniwersalna Klasyfikacja Dziesiętna [ , ]
    • 2
    • Identyfikator wydania tablic
    • FID 607
    • 9
    • UKD
    • 64224
    • a
    • Symbol klasyfikacji
    • 347.763
    • b
    • Dopowiedzenie
    • Umowy dotyczące transportu, przewozów, komunikacji.
    • 4
    • UKD2
    • 7644
    • x
    • Poddział wspólny
    • =111
    • c
    • Dopowiedzenie poddz. wspólnego
    • =Język angielski.
980 -Symbol UKD [ , ]
    • a
    • UKD
    • 658.7:357.3:347.763]=111
700 -Hasło dodatkowe - nazwa osobowa [1, ]
    • 9
    • KHW
    • 55198
    • a
    • Nazwa osobowa (NP)
    • Glass, David A. Find
710 -Hasło dodatkowe - nazwa ciała zbiorowego [2, ]
    • 4
    • Kod relacji
    • pbl
    • 9
    • KHW
    • 55598
    • a
    • Nazwa ciała zbiorowego lub nazwa geograficzna jako pierwszy element (NP)
    • LLP Professional Publishing.
920 -ISBN [ , ]
    • a
    • ISBN
    • 1-85978-593-X Find
Numer inwentarzowy Status udost. Data inwentaryzacji Lokalizacja
T.13384-22013-11-07T